Financovanie malých a stredných podnikov v podmienkach SR diplomová práca

Salvato in:
Dettagli Bibliografici
Autore principale: Vlnková, Daniela
Ente Autore: Fakulta podnikového manažmentu EU. Katedra podnikových financií
Altri autori: Ponecová, Gabriela
Natura: Libro
Lingua:slovacco
Pubblicazione: Bratislava 2010
Tags: Aggiungi Tag
Nessun Tag, puoi essere il primo ad aggiungerne!!

MARC

LEADER 00000nam$a2200000$$$4500
001 0121401
005 20240318122112.0
041 0 |a slo 
044 |a SK 
245 1 0 |a Financovanie malých a stredných podnikov v podmienkach SR  |b diplomová práca  |c Daniela Vlnková ; škol. Gabriela Ponecová 
264 1 |a Bratislava  |c 2010 
300 |a 77 s. 
100 1 |a Vlnková, Daniela 
700 1 |a Ponecová, Gabriela 
710 2 |a Fakulta podnikového manažmentu EU. Katedra podnikových financií